| 000 | 00523nam a2200205Ia 4500 | ||
|---|---|---|---|
| 003 | GCL | ||
| 008 | 140319s9999 xx 000 0 eng d | ||
| 040 |
_aGCL / _cGCL |
||
| 082 | 0 | 4 |
_a813 _bL U |
| 100 | 1 | _aLEDERER, WILLIAM | |
| 245 | 1 | 0 |
_aTHE UGLY AMERICAN / _cLEDERER, WILLIAM |
| 700 | 1 | _aBURDICK, EUGENE | |
| 260 |
_a[S.N] : _bTRANSWORID PUBLISHERS ، _c1961 |
||
| 300 | _a186 P P | ||
| 650 | 0 | 4 | _aLITERATURE |
| 650 | 0 | 4 | _aFICTION |
| 650 | 0 | 4 | _aAMERICAN FICTION |
| 650 | 0 | 4 | _aAMERICAN LITERATURE |
| 942 |
_2ddc _cBK |
||
| 999 |
_c11873 _d11873 |
||